000 01058cad a22002295a 4500
001 E148356
008 090908s2009 fr d f s 000 0 eng d
035 _a(Sirsi) u148356
041 0 _aeng
050 0 4 _a333.33 $2 18
110 2 _aBNP Paribas Real Estate
_95715
245 0 0 _aOffice market in Europe
_bQ2 2009
_h[electronic resource]
260 _a[S.l]
_bBNP Paribas Real Estate
_c2009
490 0 _aBNP Paribas Real Estate Office Market in Europe
_vSecond Quarter 2009
520 _aReports that levels of take-up are lower than a year ago, however there is an increase of 7% when compared with Q1 2009. Levels of supply have increased, giving tenants more choice, and as a result, rents fell in almost all European cities.
590 _aKA
650 2 4 _aBNP PARIBAS OFFICE MARKET IN EUROPE
651 4 _aEurope
690 _aPROPERTY-COMMERCIAL PROPERTY-COMMERCIAL PROPERTY MARKET
856 4 0 _uhttps://www.realestate.bnpparibas.co.uk
_zView this report free of charge at www.realestate.bnpparibas.co.uk (see research section)...
942 _n0
999 _c110018
_d110018